000 00900cam a2200325 i 4500
001 0000466
003 DO-SdBNP
005 20221110105413.0
007 0000466
008 100514s 1993 mx ||| 000 f spa
010 _a
015 _a
017 _a
_b
020 _a9681309413
035 _a
040 _aBPMSU
_bspa
_cBPMSU
_e
080 _a
082 4 _a813.5
_bV217S 1993
_222
100 1 _aStone, Irving,
_d1903-1989.
245 1 0 _aAnhelo de vivir :
_bla vida de Vincent Van Gogh /
_cIrving Stone.
260 _aMéxico :
_bDiana,
_c1993
_f
300 _a413 p.:
_c21 cm
500 _aLa biblioteca posee la 33a impresión de noviembre de 1993.
534 _aTítulo original :
_tLust for life
590 _6Inventariado, 2022/VM
600 1 4 _aGogh, Vincent van,
_d1853-1890
_vNovela
650 _aNovela estadounidense
910 _aVMateo V./Validado
942 _2ddc
_cBK
999 _c10650
_d10650